000 00313 a2200157 4500
001 182805
020 _a
040 _cMagnum
100 _aMalba Tahan
240 1 0 _aMinha vida querida
_lpor
245 1 0 _aMinha vida querida
300 _a204
362 0 _a1963
697 _aLITERATURA GERAL
942 _cBK
999 _c182805
_d182805